000 00505nam a2200181Ia 4500
008 151018s9999 xx 000 0 und d
082 _bRBASDV7828
_a891.463
100 _aबाळ सामंत
245 _aधावपळ
250 _b1
260 _bमेनका प्रकाशन पुणे
_c1971
300 _a139
600 _aबाळ सामंत
630 _aधावपळ
700 _aबाळ सामंत
730 _aधावपळ
942 _cBOOK
999 _c1010193
_d1010190